حكم العسكر في مصر المحروسة : (Record no. 14093)
[ view plain ]
| 000 -LEADER | |
|---|---|
| fixed length control field | 00873nam a22001817a 4500 |
| 008 - FIXED-LENGTH DATA ELEMENTS--GENERAL INFORMATION | |
| fixed length control field | 100615t xxu||||| |||| 00| 0 eng d |
| 082 ## - DEWEY DECIMAL CLASSIFICATION NUMBER | |
| Edition number | 22 |
| Classification number | 351.00312 |
| Item number | ص ي ر |
| 100 1# - MAIN ENTRY--PERSONAL NAME | |
| 9 (RLIN) | 14777 |
| Personal name | الصيرفي، العامل عطية |
| 245 ## - TITLE STATEMENT | |
| Title | حكم العسكر في مصر المحروسة : |
| Remainder of title | من الدولة الفرعونية إلي حكم مبارك / |
| Statement of responsibility, etc | العامل عطية الصيرقي. |
| 260 ## - PUBLICATION, DISTRIBUTION, ETC. (IMPRINT) | |
| Place of publication, distribution, etc | [د م] : |
| Name of publisher, distributor, etc | [د ن] ، |
| Date of publication, distribution, etc | [د ت] |
| 300 ## - PHYSICAL DESCRIPTION | |
| Extent | 442 ص : |
| Dimensions | 24 سم. |
| 650 #0 - SUBJECT ADDED ENTRY--TOPICAL TERM | |
| 9 (RLIN) | 14787 |
| Topical term or geographic name as entry element | الاعتقال |
| 650 #0 - SUBJECT ADDED ENTRY--TOPICAL TERM | |
| 9 (RLIN) | 14788 |
| Topical term or geographic name as entry element | الحبس |
| 650 #0 - SUBJECT ADDED ENTRY--TOPICAL TERM | |
| 9 (RLIN) | 14789 |
| Topical term or geographic name as entry element | الاستعمار |
| 650 #0 - SUBJECT ADDED ENTRY--TOPICAL TERM | |
| 9 (RLIN) | 14790 |
| Topical term or geographic name as entry element | مصر |
| General subdivision | الملوك والحكام |
| 942 ## - ADDED ENTRY ELEMENTS (KOHA) | |
| Source of classification or shelving scheme | Dewey Decimal Classification |
| Item type | Book - Borrowing |
| Withdrawn status | Item status | Source of classification or shelving scheme | Damaged status | Not for loan | Vendor | Home library | Current library | Shelving location | Date acquired | Source of acquisition | Total Checkouts | Total Renewals | Full call number | Barcode | Date last seen | Date last borrowed | Koha item type |
|---|---|---|---|---|---|---|---|---|---|---|---|---|---|---|---|---|---|
| Dewey Decimal Classification | Baccah | Central Library | Central Library | First floor | 15/06/2010 | 8 | 11 | 351.00312 الص | 000020899 | 15/07/2025 | 07/04/2019 | Book - Borrowing |